1182 1701 1471 1213 1390 1055 1560 1573 1711 1503 1907 1100 1473 1029 1830 1032 1915 1985 1149 1944 1744 1409 1756 1391 1893 1410 1863 1135 1857 1449 1220 1699 1215 1520 1882 1906 1463 1929 1297 1686 1215 1989 1606 1413 1289 1150 1344 1643 1532 1926 1627 1038 1145 1309 1288 1632 1090 1581 1745 1160 1856 1544 1158 1761 1349 1103 1517 1065 1109 1104 1370 1900 1357 1157 1474 1136 1627 1531 1867 1476 1978 1192 1722 1156 1633 1228 1998 1463 1609 1457 1938 1413 1274 1350 1235 1357 1405 1707 1807 BCNSPRNW ULIB Ver.6.0+V

เปลี่ยนเป็นภาษาไทย

Change to English
 แสดงรายละเอียดบรรณานุกรม
  กลับหน้าหลัก

Brief Record : Get Marc (ISO 2709) : E-mail record : QR code < ปิดหน้าต่าง
LEADER : 00000nam 2200000uu 4500
001    13399127370
003     ULIB
008    200513s2020||||th 000 0 tha d
020    ^a9780323551281 (pbk.)
060 04 ^aQV748^bO34c
100 1  ^aOgden, Sheila J.,
245 10 ^aCalculation of drug dosages :^ba work text /^cSheila J.Ogden, Linda K. Fluharty
250    ^a11th ed.
260    ^aSt. Louis, Mo. :^bMosby/Elsevier,^c2020
300    ^axx, 615 p. :^bill. (some col.) ;^c28 cm.
504    ^aIncludes bibliographical references and index
650  0 ^aPharmaceutical arithmetic^xProgrammed instruction
650  0 ^aDrugs^xDosage^xProgrammed instruction
650  2 ^aPharmaceutical Preparations^xadministration & dosage^vProblems and Exercises
650  2 ^aDrug Dosage Calculations^vProblems and Exercises
700 1  ^aFluharty, Linda K.
945    ^p2125^l0^i007043
999    ^aอังศุธร กาญจนาโรจน์พันธ์
รายการนี้ยังไม่มีแท็ก
คุณยังไม่ได้ล็อกอิน คุณสามารถมีกิจกรรมร่วมกับเว็บไซต์ได้ แต่ต้องล็อกอินก่อน ::
  ล็อกอิน

รายการสื่อสารสนเทศ

ลำดับที่ ประเภท เลขเรียก/บาร์โค้ด สถานที่ สถานะ
1. วิทยาศาสตร์การแพทย์ และสุขภาพ
หนังสือสำรอง
สถานะ=หนังสือสำรอง
QV748 O34c ฉ.1 
  Barcode: 007043
ห้องสมุดวิทยาเขตสวรรค์ประชารักษ์
►หนังสือทั่วไป
บนชั้น

รายการใกล้เคียง
    ผู้แต่ง [Ogden, Sheila J.,]

BibComment


ยังไม่เคยถูกคอมเมนท์

คอมเมนท์ทรัพยากรรายการนี้
  คอมเมนท์: Calculation of d..


 Copyright 2026. Bcnsprnw @Library